000 00471nam a2200157 4500
001 121857
003 ES-MaACL
005 20230906191839.0
007 t|
008 070214s1951 sp r ||||1| spa d
100 1 _aPortuondo Velázquez-Duro, María.
_993305
245 1 0 _aDe mi pasar /
_cMaría Portuondo Velázquez-Duro.
260 _aMadrid :
_b[s.n.],
_c1951 (
_fImp. del Asilo de Huérfanos)
300 _a78 p. ;
_c21 cm.
852 _aES-MaACL
_j1933-F-1
_bR.31969
999 _c121857
_d121857